| 000 | 00527nam a2200205Ia 4500 | ||
|---|---|---|---|
| 008 | 200601s9999 xx 000 0 und d | ||
| 020 | _a978-1-60057-222-7 | ||
| 050 | _aREF AY 67 | ||
| 050 | _b.W67 2019 | ||
| 245 | 4 | _aThe World almanac and book of facts 2019 / | |
| 260 | _aNew York : | ||
| 260 | _bWorld Almanac Books, | ||
| 260 | _c2019 | ||
| 300 | _a1007 pages : | ||
| 300 | _billustrations (some color) ; | ||
| 300 | _c20 cm. | ||
| 650 | _aAlmanacs, American. | ||
| 650 | _aStatistics. | ||
| 650 | _xAlmanacs. | ||
| 999 |
_c363221 _d363221 |
||